000 00810nam a2200241Ia 4500
001 dia_4202
003 CHAP
005 20251029165043.0
008 220117s1992 xx 000 0 und d
010 _a174838
040 _amxchpua
_erda
_cCHAP
090 _aFOLLETO 2703
100 _aBosques Molina, Elsa
_9155735
245 _aManual de prácticas de laboratorio de fisiología postcosecha de frutas y hortalizas /
_c Elsa Bosques Molina
260 _aMéxico :
_b Universidad Metropolitana Unidad Iztapalapa,
_c1992
300 _a74 p.
500 _aC/e (Libros de texto y manuales de práctica)
650 _aLegumbres
_xfisiología y morfología
_965721
901 _aFOLLETO 2703
902 _aM
905 _a0000001992 mx 0000000000spa00
942 _cFOLL
_2local
999 _c174838
_d174838